000 03004cam a22012134i 4500
003 PE-LiUPU
005 20250813185443.0
008 150616s r 000 0 d
020 _a9682412919
035 _a(Sirsi) i9789682412912
040 _aPE-LiUPU
_bspa
_cPE-LiUPU
_erda
049 _aPRUA
082 0 4 _a371.395
_bA577d
_221
100 1 _aAndueza, Maria,
_eautor.
245 1 0 _aDinámica de grupos en educación /
_cMaría Andueza
264 1 _aMéxico :
_bTrillas,
_c1994.
300 _a117 páginas :
_bilustraciones, cuadros, gráficos, diagramas ;
_c23 centímetros.
336 _atext
_2rdacontent
337 _aunmediated
_2rdamedia
338 _avolume
_2rdacarrier
490 0 _a(Temas Básicos. Taller de Lectura y Redacción ;
_v10)
504 _aIncluye bibliografía.
505 0 _aAcercamiento a la dinámica de grupos -- Aprendizaje de los fundamentos teóricos de la dinámica de grupos -- Conocimiento de las técnicas de grupo -- Evaluación del grupo.
526 _aP202
526 _aP201
526 _aP163
526 _aP162
526 _aP161
526 _aP160
526 _aP148
526 _aP147
526 _aP146
526 _aP145
526 _aP144
526 _aP143
526 _aP142
526 _aP141
526 _aP140
526 _aP139
526 _aP138
526 _aP137
526 _aP136
526 _aP135
526 _aP134
526 _aP133
526 _aP129
526 _aP128
526 _aP127
526 _aP120
526 _aP119
526 _aP118
526 _aP116
526 _aP115
526 _aP114
526 _aP110
526 _aP109
526 _aP108
526 _aP104
526 _aP103
526 _aP102
526 _aP99
526 _aP98
526 _aP97
526 _aP96
526 _aP95
526 _aP93
526 _aP90
526 _aP89
526 _aP88
526 _aP83
526 _aP82
526 _aP62
526 _aP59
526 _aP58
526 _aP57
526 _aP51
526 _aP49
526 _aP48
526 _aP47
526 _aP29
526 _aP24
526 _aP20
526 _aP19
526 _aP17
526 _aP15
526 _aP14
526 _aP12
526 _aP10
526 _aP09
526 _aP08
526 _aP07
526 _aP06
526 _aP05
526 _aP04
526 _aP01
650 8 _aTrabajo de grupo en la educación
_xMetodología
_91918
910 _ajck
942 _2ddc
_cBK
949 _a410 TBT 10
_wDEWEY
_c1
_i43445
_lCCODEBUL1
_mBUL
_r0
_sY
_tBOOK
_u2015-4-23
_xEDUCACION
_zUNKNOWN
_0COMPRA
_o.STAFF. Colección General
949 _a410 TBT 10
_wDEWEY
_c2
_i36909
_lCCODEBUL1
_mBUL
_r0
_sY
_tBOOK
_u2015-6-16
_xEDUCACION
_0COMPRA
_o.STAFF. Colección General
980 _81
_gALBERTO SANCHEZ Responsable de Automatización
999 _c33205
_d33205